000 00387nam a2200133 4500
999 _c6781
_d6781
008 150929b xxu||||| |||| 00| 0 eng d
020 _a9781414487175
050 _aREF PN 541 .W75 2013
245 _aThe writeers directory/
250 _a31st ed.
260 _aAustralia:
_bGale Cengage Learning,
_cc2013.
300 _aix, 1273p.
942 _2lcc
_cREF_BOOK
_hREF PN 541 .W75 2013